000 00332 a2200157 4500
001 171003
020 _a
040 _cMagnum
100 _aOliveira, Teresinha Cauhi de
240 1 0 _aFuga do pantanal
_lpor
245 1 0 _aFuga do pantanal
362 0 _a1899
440 1 _aFTD
697 _aIJ/SOCIEDADE COTIDIANO
942 _cBK
999 _c171003
_d171003